000 01785nam a22003017a 4500
001 1503
005 20231003084811.0
020 _a9789924340317
040 _aFISKH
_beng
_cFISKH
_dFISKH
082 _a305.895
100 _aVichika, Khoun
245 _aស្វែងយល់ពីអាស៊ាន /
_cនិពន្ធដោយ ឃួន វិច្ឆិកា
250 _aបោះពុម្ពលើកទី ៤ ខែ កក្កដា ឆ្នាំ ២០២២
260 _aPhnom Penh :
_bSipar,
_c2022.
300 _a52 pages :
_bmaps; color illustrations ;
_c20 cm
490 _aខ្ញុំចង់ដឹង
505 _aZ'
520 _aការស្វែងយល់អំពីអាស៊ាន បង្ហាញពីទិដ្ឋភាពទូទៅនៃប្រទេសអាស៊ាន រួមមានភូមិសាស្ត្រ ប្រវត្តិសាស្រ្ត សេដ្ឋកិច្ច និងលក្ខណៈពិសេសនៃប្រទេសនីមួយៗ ជាពិសេសអ្វីដែលគួរធ្វើ និងមិនគួរធ្វើ។
520 _aGetting to know about ASEAN shows the overview of ASEAN countries including geography, history, economy and specialty of each country, especially dos and don’ts.
521 _a1000
_bLexile estimate
521 _aZ'
_bRaz-Plus
650 _aប្រទេសជាសមាជិកអាស៊ាន
_vលក្ខណៈពិសេស
_xភូមិសាស្រ្ត
650 _aASEAN countries
_vSpecialty
_xGeography
700 _aVisoth, Seng
_cillustrator
700 _aSinat, Sin
_cillustrator
700 _aRotha, Ouk
_cillustrator
942 _2ddc
_cBK
_n0
999 _c1503
_d1503